000 00410nam a2200157 i 4500
001 bg
100 1 _aDYKA, Sławomir
245 0 _aZwiązki produkcji zwierzęcej z przemysłem mięsnym /
_cSławomir Dyka, Roman Urban.
260 _aWarszawa,
_c1968.
700 1 _aURBAN, Roman
040 _cBPK
041 _apol
080 _a636/639:656.074
942 _cKS
008 s pl f |000 0 pol
999 _c26343
_d26343
856 _uhttp://koha.tu.koszalin.pl/cgi-bin/koha/opac-detail.pl?biblionumber=26343
_yKatalog online BPK